LEADER 01143nam a2200253 i 4500 001 000000069179 003 CaOOAMICUS 005 20221025145907.0 008 131129s1740 it u000 u lat u 013 $a40351 026 $ae-ue n.m* 2.3. frsa (3) 1740 (R) 040 $aSeMil$bita 100 0 $aFortunato : da Brescia,$d<1701-1754>.$0(OLS)http://semarc/name/34575 245 10$aP.F. Fortunati a Brixia ... Dissertatio physico-theologica De qualitatibus corporum sensibilibus. 260 $aBrixiae :$bExcudebat Joannes-Maria Rizzardi,$c1740. 300 $axvi, 152 p. ;$cfol. 500 $aFregio xilogr. sul front. - Iniz. xilogr. 500 $aSegn.: pg4 *4 A-T4 700 1 $aRizzardi, Giammaria,$c.$0(OLS)http://semarc/name/12521 850 $aSeMil 852 $aSeMil$W1$xVenegono$y1$m2O VI 24 FA$j35332$B35332$CSeMilBibl$Z2$F35335 $8I 996 $6245$aP.F. Fortunati a Brixia ... Dissertatio physico-theologica De qualitatibus corporum sensibilibus$9(OLS)http://semarc/title/110688 996 $6260$aBrixiae :$bExcudebat Joannes-Maria Rizzardi$9(OLS)http://semarc/publisher/38831 LEADER 01298nam a2200277 i 4500 001 000000114480 003 CaOOAMICUS 005 20030513000000.0 008 030513s2000 sp u000 u spa u 013 $a87166 020 $a84-7914-472-6 040 $aSeMil$bita 100 1 $aBelda Plans, Juan.$0(OLS)http://semarc/name/47862 245 13$aLa escuela de Salamanca :$by la renovación de la teología en el siglo 16. /$cJuan Belda Plans. 260 $aMadrid :$bBiblioteca de autores cristianos,$ccopyr. 2000. 300 $aXXIV, 997 p. ;$c24 cm. 490 0 $aBiblioteca de autores cristianos. Serie maior ;$v63 500 $aContiene : apéndices ; Bibliografía. 650 4$aScuola di Salamanca - Storia - Sec. 16.$0(OLS)http://semarc/subject/12967 830 0$aBiblioteca de autores cristianos. Serie maior ;$v63.$0(OLS)http://semarc/title/162030 850 $aSeMil 852 $aSeMil$W1$xVenegono$y1$m2N IV 196$j70048$B70048$CSeMilBibl$Z2$F75373 $81 961 $aAcquisto: Herder 996 $6020$a84-7914-472-6$9(OLS)http://semarc/number/97823 996 $6245$aLa escuela de Salamanca :$by la renovación de la teología en el siglo 16.$9(OLS)http://semarc/title/167353 996 $6260$aMadrid :$bBiblioteca de autores cristianos$9(OLS)http://semarc/publisher/29784